01412nam a2200265 a 4500001001000000005001700010008004100027041000800068044000700076084002600083100004500109245014400154260008400298300003600382500003600418500011600454500024600570500007800816500001500894650005200909650005600961650003401017650004501051740005001096BRCA_239120190320203803.0101108s1968----sp-#---###---#000-0#spa-u aspa asp a032b.H57c1968 F16151 aCervantes Saavedra, Miguel ded1547-161610aDon Quijote de la Manchabfacsímil de la primera impresión : según la edición príncipe de Juan de la CuestacMiguel de Cervantes. aPalma de Mallorca (España)bThe Hispanic Society of America : Alfaguarac1968 a1 v. (sin paginación)c25 cm. aContenido : Preliminares. Texto aFacsímil de : Segunda parte del ingenioso cavallero Don Quixote de la Mancha. Madrid: Juan de la Cuesta, 1615 aFacsímile de la segunda parte de la edición príncipe, publicado por The Hispanic Society of America, en Palma de Mallorca, el año de 1968. Ejemplat en rústica, impreso en excelente papel y con gran pureza de tipos Lúdovik Osterc aExistencias : Complementa al LO-006. Ejemplar foliado con el número 352 aQMR114 (?)14aNovela españolayÉpoca clásica, 1500-170014aLiteratura españolayÉpoca clásica, 1500-170014aNovela españolaySiglo XVII14aDon Quijote (Personaje ficticio)eNovela0 aEl Ingenioso Hidalgo Don Quijote de la Mancha